00501 2200193 4500001002100000005001500021035002000036245006500056100002300121250000600144300003200150260003100182082000800213084001400221020001900235600001900254990001700273990001700290INLIS00000000000180220251007085827 a0010-10250000021 aUntuk Sekarang Tidak :bAntologi Puisi /cSaffa Hazel Rahman0 aSaffa Hazel Rahman a- a121 hlm. :bilus. ;c19 cm. aBandung :bGuepedia,c2022 a811 a811 SAF u a62-39-9117-097 4aAntologi Puisi a05990/H/2025 a05390/H/2025